[Event "Druga liga Srbije grupa Vojvodina 2015"]
[Site "Novi Sad"]
[Date "2015.11.10"]
[Round "1.5"]
[White "Trivunovic, Zdravko"]
[Black "Topalov, Aleksandar"]
[Result "0-1"]
[WhiteElo "2099"]
[BlackElo "2251"]
[PlyCount "122"]
[EventDate "2015.11.10"]

1. e4 e6 2. Qe2 c5 3. Nf3 Nc6 4. g3 g6 5. Bg2 Bg7 6. d3 Nge7 7. O-O O-O 8. c3
e5 9. Na3 d5 10. h3 Re8 11. Kh2 b6 12. Rd1 Ba6 13. Qe1 Qd7 14. b3 Rad8 15. Bb2
d4 16. c4 f5 17. Ng1 Bb7 18. Qe2 Nc8 19. Bc1 Nd6 20. f3 Rf8 21. Bg5 Rde8 22.
Nc2 Rf7 23. Rf1 Ref8 24. Bd2 Kh8 25. Rad1 b5 26. Na3 Nb4 27. Bxb4 cxb4 28. Nc2
a5 29. Qd2 Bc6 30. h4 Nb7 31. Rb1 Nc5 32. Nh3 h6 33. Rbe1 fxe4 34. fxe4 bxc4
35. bxc4 Ba4 36. Na1 Kh7 37. Rxf7 Rxf7 38. Rf1 Bf8 39. Rxf7+ Qxf7 40. Nf2 h5
41. Nh3 Bh6 42. Ng5+ Kg7 43. Kg1 Qe7 44. Bh3 Qf6 45. Kg2 Bxg5 46. hxg5 Qb6 47.
Kg1 Qd6 48. Kh2 Qe7 49. Kg2 Nb7 50. Nb3 Bxb3 51. axb3 Nc5 52. Qa2 a4 53. bxa4
b3 54. Qa3 Qb7 55. Qxc5 b2 56. Qxe5+ Kh7 57. Bf5 b1=Q 58. Bxg6+ Kxg6 59. Qf5+
Kg7 60. Qf6+ Kg8 61. Qg6+ Kf8 0-1